| 000 | 01532cam a22003374a 4500 | ||
|---|---|---|---|
| 999 |
_c41488 _d41488 |
||
| 001 | 12401853 | ||
| 003 | OSt | ||
| 005 | 20220725102627.0 | ||
| 008 | 010508s2001 enka b 001 0 eng | ||
| 010 | _a 2001034207 | ||
| 020 | _a9788184895155 | ||
| 020 | _a1852334886 (pbk. : alk. paper) | ||
| 040 |
_aDLC _cDLC _dDLC |
||
| 042 | _apcc | ||
| 050 | 0 | 0 |
_aQA76.73.C153 _bC36 2001 |
| 082 | 0 | 0 |
_a005.133 _bCAP/I |
| 100 | 1 |
_aCapper, D. M. _q(Derek M.), _d1947- _99058 |
|
| 245 | 1 | 0 |
_aIntroducing C++ for scientists, engineers, and mathematicians / _cDerek Capper. |
| 250 | _a2nd ed. | ||
| 260 |
_aLondon ; _aNew York : _bSpringer, _c2001. |
||
| 300 |
_axvi, 544 p. : _bill. ; _c25 cm. |
||
| 500 | _aRev. ed. of: The C++ programming language for scientists, engineers, and mathematicians. 1994. | ||
| 504 | _aIncludes bibliographical references (p. 529-530) and index. | ||
| 650 | 0 | _aC++ (Computer program language) | |
| 700 | 1 |
_aCapper, D. M. _q(Derek M.). _d1947-. _tC++ programming language for scientists, engineers, and mathematicians. |
|
| 856 | 4 | 2 |
_3Publisher description _uhttp://www.loc.gov/catdir/enhancements/fy0815/2001034207-d.html |
| 856 | 4 | 1 |
_3Table of contents only _uhttp://www.loc.gov/catdir/enhancements/fy0815/2001034207-t.html |
| 906 |
_a7 _bcbc _corignew _d1 _eocip _f20 _gy-gencatlg |
||
| 942 |
_2ddc _cBK _h005.133 _iCAP/I _k005.133 _mCAP/I |
||